|
|
|
|
| LEADER |
01091nam a2200361 a 4500 |
| 001 |
000544253 |
| 003 |
CZ BrMZK |
| 005 |
20080923122026.0 |
| 007 |
ta |
| 008 |
000115s2000 xr e cze d |
| 015 |
|
|
|a cnb000983426
|
| 020 |
|
|
|a 80-205-1011-7
|
| 035 |
|
|
|a (OCoLC)46963223
|
| 040 |
|
|
|a BOA001
|b cze
|
| 072 |
|
7 |
|a 59
|x Zoologie
|2 Konspekt
|9 2
|
| 080 |
|
|
|a 598.279
|2 MRF
|
| 080 |
|
|
|a 598.279.25
|2 MRF
|
| 080 |
|
|
|a (084.42)
|2 MRF
|
| 100 |
1 |
|
|a Singer, Detlef
|7 jn20020723175
|
| 245 |
1 |
0 |
|a Dravci a sovy :
|b [všechny evropské druhy] /
|c Detlef Singer
|
| 250 |
|
|
|a Vyd. 1.
|
| 260 |
|
|
|a Praha :
|b NS Svoboda,
|c 2000
|
| 300 |
|
|
|a 92 s. :
|b barev. il. ;
|c 17 cm
|
| 490 |
1 |
|
|a Příroda do kapsy
|
| 500 |
|
|
|a Bibliogr.
|
| 650 |
0 |
7 |
|a dravci
|7 ph114358
|2 czenas
|
| 650 |
0 |
7 |
|a sovy
|7 ph116224
|2 czenas
|
| 655 |
|
7 |
|a atlasy
|7 fd131835
|2 czenas
|
| 765 |
0 |
|
|t Greifvögel und Eulen
|9 Česky
|
| 830 |
|
0 |
|a Příroda do kapsy (NS Svoboda)
|
| 910 |
|
|
|a BOA001
|b 1-1080.408
|
| 990 |
|
|
|a BK
|
| 996 |
6 |
|
|b 2610126838
|c 1-1080.408
|l MZK
|r Sklad / do 1 hodiny
|n 8
|w 000544253
|u 000010
|a 1
|e BOA001
|j MZK50
|s P
|